ESSENTIALS OF PHARMACY LAW & ETHICS (Record no. 33302)

MARC details
000 -LEADER
fixed length control field 00374nam a22001577a 4500
003 - CONTROL NUMBER IDENTIFIER
control field SGT
020 ## - INTERNATIONAL STANDARD BOOK NUMBER
International Standard Book Number 9781543346268
082 ## - DEWEY DECIMAL CLASSIFICATION NUMBER
Classification number 615
Item number E22S
100 ## - MAIN ENTRY--PERSONAL NAME
Personal name SHARMA, SHALINI
245 ## - TITLE STATEMENT
Title ESSENTIALS OF PHARMACY LAW & ETHICS
260 ## - PUBLICATION, DISTRIBUTION, ETC. (IMPRINT)
Place of publication, distribution, etc PUNJAB
Name of publisher, distributor, etc S.VIKASH & COMPANY
Year of Publication 2022
300 ## - PAGE DESCRIPTION
No. of Pages 174
650 ## - SUBJECT ADDED ENTRY--TOPICAL TERM
Topical term or geographic name as entry element PHARMACY
653 ## - KEYWORDS--INDEX TERM
Keyword term PHARMACY, LAW, ETHICS
942 ## - ADDED ENTRY ELEMENTS (KOHA)
Source of classification or shelving scheme Dewey Decimal Classification
Koha item type Gifted Books
Holdings
Withdrawn status Lost status Source of classification or shelving scheme Damaged status Use restrictions Not for loan Collection code Home library Current library Shelving location Date acquired Vendor Name Cost, normal purchase price SGTU Total Checkouts Full call number Accession No. (Barcode) Date last seen Bill Date Koha item type
    Dewey Decimal Classification   Restricted Access   PHARMACY SGT FA-FP Library SGT FA-FP Library Text Book 12/01/2026 SGT UNIVERSITY, Dr. VINOD 255.00 SGTU   615 E22S FP5296G 12/01/2026 12/01/2026 Gifted Books